00561nam a2200193Ia 4500008004100000100002600041245004100067245002600108260000700134260001300141260000900154300000700163500003500170650002900205650002000234942001200254999001900266952008200285190406s9999 xx 000 0 und d aHendrick Bessembinder aDo Stocks Outperform Treasury Bills? cHendrick Bessembinder bCL belsevier c2018 aCL aJournal of Financial Economics xIndividual Stock Returns xReturn Skewness 2lcccSE c361379d361379 00102lcc40aCLbCLcPERd2019-04-16l0r2019-04-16 00:00:00w2019-04-16ySE